000 00561nam a2200229Ia 4500
003 0100
008 130307s9999 xx 000 0 und d
040 _cARRUPELIB
050 _aBX3702.2.L47 1995
100 _aLetson, Douglas
245 4 _aThe Jesuit mystique
260 _aToronto
260 _bMacmillan Canada
260 _c1995
300 _a276p.
300 _b23 cm.
650 _aCATHOLIC CHURCH
650 _bJesus Christ-Buddhist interpretations
650 _cBuddhism-relations-Christianity
700 _aHiggins, Michael
942 0 0 _03
999 _c98260
_d98260